01461njm a2200277Ia 450000100060000000300090000600500170001500800410003204000230007304000130009604100130010910000180012210000180014010000380015824500390019625000110023526000110024626000790025730000100033630000290034650000640037550505180043965000570095770000840101470000850109820831IT-RoPAU20220918181149.0131025s9999 xx 000 0 und d aIT-RoPAUcIT-RoPAU cIT-RoPAU aITALIANO aLanzoni Paolo eAutore musica gCodice autore musica SPICS: 10975 aCelebriamo il Natale (Lp Sl 30.71) a1a ed. aALBANO bEP - MUSICALI E DISCOGRAFICHEc1983 [1a Ed.:1983 - Ed. Lingua Orig.: 1983] aDISCO c44 minuti (Testo: pag.) aMessa solenne per comunità parrocchiali. Canti di Natale. aNon Temete Popoli del Mondo (canto d'ingresso) - Signore, disceso dal cielo (atto penitenziale) - Invocazione penitenziale - Inno trinitario - Oggi è nato per noi (salmo responsoriale 98-97) - Alleluja (canto al Vangelo) - Tu sei l'offerta (canto d'offertorio) - Santo, Santo - Anamnesi - Amen dossologico - La preghiera del Signore - Dossologia - Invocazione all'Agnello - Quel Dio (canto di comunione) - O Salvatore del mondo (canto di comunione) - Cristo è la luce (canto finale) - Pastorale festosa (4:00) aCANTI DI NATALE [DISCHI]eCodice MATERIA SPICS: 9950 aRecalcati CarloeAutore testo e musicagCodice autore testo/musica SPICS: 11110 aMonti ElvioeAutore musicagCodice autore musica SPICS: 11030pPastorale festosa